<?xml version="1.0" encoding="UTF-8"?>
<record
    xmlns:xsi="http://www.w3.org/2001/XMLSchema-instance"
    xsi:schemaLocation="http://www.loc.gov/MARC21/slim http://www.loc.gov/standards/marcxml/schema/MARC21slim.xsd"
    xmlns="http://www.loc.gov/MARC21/slim">

  <leader>05446cam a2200325   4500500</leader>
  <controlfield tag="005">20260405004111.0</controlfield>
  <datafield tag="041" ind1=" " ind2=" ">
    <subfield code="a">fre</subfield>
  </datafield>
  <datafield tag="042" ind1=" " ind2=" ">
    <subfield code="a">dc</subfield>
  </datafield>
  <datafield tag="100" ind1="1" ind2="0">
    <subfield code="a">Rienzo, Stefanie</subfield>
    <subfield code="e">author</subfield>
  </datafield>
  <datafield tag="700" ind1="1" ind2="0">
    <subfield code="a">Hutter, Val&#xE9;rie</subfield>
    <subfield code="e">author</subfield>
  </datafield>
  <datafield tag="245" ind1="0" ind2="0">
    <subfield code="a">Naissance et&#xA0;persistance des&#xA0;conceptions n&#xE9;gatives de&#xA0;la&#xA0;relation avec&#xA0;les&#xA0;parents d&#x2019;&#xE9;l&#xE8;ves</subfield>
  </datafield>
  <datafield tag="260" ind1=" " ind2=" ">
    <subfield code="c">2026.
							</subfield>
  </datafield>
  <datafield tag="500" ind1=" " ind2=" ">
    <subfield code="a">16</subfield>
  </datafield>
  <datafield tag="520" ind1=" " ind2=" ">
    <subfield code="a">Cet article cherche &#xE0; mieux comprendre comment les conceptions n&#xE9;gatives &#xE0; l&#x2019;&#xE9;gard de la relation avec les parents naissent avant ou d&#xE8;s la formation initiale des enseignant&#xB7;e&#xB7;s du primaire, puis comment elles se maintiennent une fois leur entr&#xE9;e dans le m&#xE9;tier. L&#x2019;&#xE9;tude porte sur des &#xE9;tudiant&#xB7;e&#xB7;s et des enseignant&#xB7;e&#xB7;s exp&#xE9;riment&#xE9;&#xB7;e&#xB7;s dans le contexte de l&#x2019;enseignement primaire genevois. Les donn&#xE9;es proviennent d&#x2019;observations participantes r&#xE9;alis&#xE9;es lors de cours universitaires aupr&#xE8;s de 260 &#xE9;tudiant&#xB7;e&#xB7;s et d&#x2019;une enqu&#xEA;te ethnographique men&#xE9;e dans une &#xE9;cole primaire. Les r&#xE9;sultats r&#xE9;v&#xE8;lent que les futur&#xB7;e&#xB7;s enseignant&#xB7;e&#xB7;s per&#xE7;oivent n&#xE9;gativement la relation avec les parents d&#x2019;&#xE9;l&#xE8;ves, ces conceptions &#xE9;tant influenc&#xE9;es par leurs exp&#xE9;riences personnelles et les discours de leurs pairs. Une fois en poste, ces conceptions n&#xE9;gatives se maintiennent au sein des interactions entre coll&#xE8;gues, alimentant la crainte et la m&#xE9;fiance des membres du corps enseignant &#xE0; l&#x2019;&#xE9;gard des parents. Cela les conduit &#xE0; adopter des postures d&#xE9;fensives, ce qui peut renforcer la mise en &#x153;uvre d&#x2019;une relation asym&#xE9;trique. L&#x2019;article met ainsi en &#xE9;vidence l&#x2019;existence d&#x2019;un &#xAB;&#xA0;cercle vicieux&#xA0;&#xBB; tenace, dans lequel aucune autre issue ne semble perceptible. En conclusion, il souligne la n&#xE9;cessit&#xE9; de repenser la formation initiale et continue des enseignant&#xB7;e&#xB7;s du primaire afin de valoriser davantage les relations avec les parents de leurs &#xE9;l&#xE8;ves et de transformer ce cercle vicieux en cercle vertueux.</subfield>
  </datafield>
  <datafield tag="520" ind1=" " ind2=" ">
    <subfield code="a">This article aims to shed light on how negative perceptions of the relationship with parents arise before or during the initial training of primary school teachers, and how they persist once teachers enter the profession. The study focuses on student teachers and more experienced teachers in the context of primary education in Geneva. Data were collected through participant observations during university courses (approximately 260 students) and an ethnographic study conducted in a primary school. The results reveal that prospective teachers hold negative perceptions of the relationship with parents, shaped by their personal experiences and the discourses of their peers. Once in the profession, these negative perceptions persist in interactions among colleagues, further fueling teaching staff&#x2019;s fear and mistrust of parents. This, in turn, leads them to adopt defensive postures, which can reinforce the development of an asymmetrical relationship. This article thus highlights the existence of a persistent &#x201C;vicious circle,&#x201D; with no clear way of breaking free from it. In conclusion, it underlines the need to rethink initial and continuing teacher training in order to place greater value on relationships with students&#x2019; parents and to transform this vicious circle into a virtuous circle.</subfield>
  </datafield>
  <datafield tag="520" ind1=" " ind2=" ">
    <subfield code="a">Este art&#xED;culo analiza, en primer lugar, c&#xF3;mo surgen las percepciones negativas sobre la relaci&#xF3;n con los padres (ya sea antes o durante la formaci&#xF3;n inicial de los/las docentes de escuela primaria) y, a continuaci&#xF3;n, c&#xF3;mo se mantienen estas percepciones una vez que comienzan a ejercer. El estudio se centra en los/las estudiantes y docentes con m&#xE1;s experiencia en el contexto de la educaci&#xF3;n primaria en Ginebra. Los datos se obtuvieron a partir de observaciones participantes realizadas durante clases universitarias (con aproximadamente 260 estudiantes) y una encuesta etnogr&#xE1;fica realizada en una escuela primaria. Los resultados revelan que los/las futuros/as docentes tienen una percepci&#xF3;n negativa de la relaci&#xF3;n con los padres de los alumnos, a menudo influenciada por experiencias personales y conversaciones con sus pares. Una vez que comienzan a ejercer como docentes, estas concepciones negativas persisten en las interacciones entre colegas, lo que alimenta el miedo y la desconfianza del personal docente hacia los padres. Esto los lleva a adoptar posturas defensivas que pueden empeorar una relaci&#xF3;n que ya era asim&#xE9;trica. De este modo, el art&#xED;culo pone de relieve la existencia de un &#xAB;c&#xED;rculo vicioso&#xBB; persistente, del que no parece haber salida. Para concluir, subraya la necesidad de repensar la formaci&#xF3;n inicial y continua de los/las docentes para valorizar a&#xFA;n m&#xE1;s las relaciones con los padres de sus alumnos y transformar este c&#xED;rculo vicioso en un c&#xED;rculo virtuoso.</subfield>
  </datafield>
  <datafield tag="690" ind1=" " ind2=" ">
    <subfield code="a">conceptions enseignantes</subfield>
  </datafield>
  <datafield tag="690" ind1=" " ind2=" ">
    <subfield code="a">entr&#xE9;e dans le m&#xE9;tier</subfield>
  </datafield>
  <datafield tag="690" ind1=" " ind2=" ">
    <subfield code="a">formation professionnelle</subfield>
  </datafield>
  <datafield tag="690" ind1=" " ind2=" ">
    <subfield code="a">Gen&#xE8;ve</subfield>
  </datafield>
  <datafield tag="690" ind1=" " ind2=" ">
    <subfield code="a">relations familles-&#xE9;cole</subfield>
  </datafield>
  <datafield tag="690" ind1=" " ind2=" ">
    <subfield code="a">entry into the profession</subfield>
  </datafield>
  <datafield tag="690" ind1=" " ind2=" ">
    <subfield code="a">family</subfield>
  </datafield>
  <datafield tag="690" ind1=" " ind2=" ">
    <subfield code="a">Geneva</subfield>
  </datafield>
  <datafield tag="690" ind1=" " ind2=" ">
    <subfield code="a">professional training</subfield>
  </datafield>
  <datafield tag="690" ind1=" " ind2=" ">
    <subfield code="a">school relations</subfield>
  </datafield>
  <datafield tag="690" ind1=" " ind2=" ">
    <subfield code="a">teachers&#x2019; perceptions</subfield>
  </datafield>
  <datafield tag="786" ind1="0" ind2=" ">
    <subfield code="n">Revue internationale de l'&#xE9;ducation familiale | 56 | 2 | 2026-03-30 | p. 23-48 | 1279-7766</subfield>
  </datafield>
  <datafield tag="856" ind1="4" ind2="1">
    <subfield code="u">https://shs.cairn.info/revue-revue-internationale-de-leducation-familiale-2025-2-page-23?lang=fr&amp;redirect-ssocas=7080</subfield>
  </datafield>
  <datafield tag="999" ind1=" " ind2=" ">
    <subfield code="c">2073689</subfield>
    <subfield code="d">2073689</subfield>
  </datafield>
</record>
